| 000 -LEADER |
| fixed length control field |
02053cam a2200253Ia 4500 |
| 020 ## - INTERNATIONAL STANDARD BOOK NUMBER |
| ISBN |
9789251063880 |
| 020 ## - INTERNATIONAL STANDARD BOOK NUMBER |
| ISBN |
9251063885 |
| 040 ## - CATALOGING SOURCE |
| Transcribing agency |
BTCTA |
| 082 ## - DEWEY DECIMAL CLASSIFICATION NUMBER |
| Classification number |
630 TRA 2009 A053 Co. |
| 245 00 - TITLE STATEMENT |
| Title |
Non-distorting farm support to enhance global food production / |
| 260 ## - PUBLICATION, DISTRIBUTION, ETC. (IMPRINT) |
| Place of publication |
Rome : |
| Name of publisher |
Trade and Markets Division, Food and Agriculture Organization of the United Nations, |
| Year of publication |
2009. |
| 300 ## - PHYSICAL DESCRIPTION |
| Number of Pages |
xi, 426 p. : |
| Other physical details |
ill. ; |
| Dimensions |
23 cm. |
| 520 ## - SUMMARY, ETC. |
| Summary, etc |
The recent world food crisis highlighted the critical issue of global food security and the need to enhance global agricultural production capacity to meet current and future food demand. Increased investment in agriculture and adequate incentives to farmers are required to meet this global challenge. Developed countries provide support to farmers to increase farm income, reduce income variability, improve competitiveness of the agricultural sector, and provide for safe and quality food. Many farm support policies stimulate domestic production, but also create distortions in world markets, inducing disincentives in developing countries' agricultural production in the long run. These distortions have been the object of considerable debate within the World Trade Organization agreement on agriculture. This book provides a review of farm support in high income countries, and explores options for reshaping such farm support in a non-distortionary manner. It also addresses the responses needed in developing countries to ensure a long term and sustained faster growth in their agricultural sectors, enhanced food production, rising rural incomes, and lower poverty.--Publisher's description. |
| 650 #0 - SUBJECT ADDED ENTRY--TOPICAL TERM |
| Topical Term |
Agricultural credit |
| 650 #0 - SUBJECT ADDED ENTRY--TOPICAL TERM |
| Topical Term |
Agricultural subsidies. |
| 650 #0 - SUBJECT ADDED ENTRY--TOPICAL TERM |
| Topical Term |
Agriculture and state |
| 650 #0 - SUBJECT ADDED ENTRY--TOPICAL TERM |
| Topical Term |
Agriculture and state |
| 650 #0 - SUBJECT ADDED ENTRY--TOPICAL TERM |
| Topical Term |
Agriculture and state |
| 700 1# - ADDED ENTRY--PERSONAL NAME |
| Personal name |
Elbehri, Aziz. |
| 700 1# - ADDED ENTRY--PERSONAL NAME |
| Personal name |
Sarris, Alexander. |
| 710 2# - ADDED ENTRY--CORPORATE NAME |
| Corporate name or jurisdiction name as entry element |
Food and Agriculture Organization of the United Nations. |
| 856 11 - ELECTRONIC LOCATION AND ACCESS |
| Uniform Resource Identifier |
ftp://ftp.fao.org/docrep/fao/012/i1098e/i1098e00.pdf |
| 942 ## - ADDED ENTRY ELEMENTS (KOHA) |
| Koha item type |
សៀវភៅភាសាអង់គ្លេស |
| 952 ## - LOCATION AND ITEM INFORMATION (KOHA) |
| Withdrawn status [LOCAL, KOHA] |
0 |